[Event "VIE-ch U11"]
[Site "Ho Chi Minh City"]
[Date "2014.07.17"]
[Round "8"]
[White "Tran, Quoc Phong"]
[Black "Nguyen, Gia Huy"]
[Result "0-1"]
[WhiteElo "1937"]
[BlackElo "1975"]
[PlyCount "45"]
[EventDate "2014.07.13"]
[EventType "swiss"]
[EventRounds "9"]
[EventCountry "VIE"]
[SourceTitle "EXT 2016"]
[Source "ChessBase"]
[SourceDate "2015.10.08"]
[SourceVersion "1"]
[SourceVersionDate "2015.10.08"]
[SourceQuality "1"]

1. d4 d5 2. c4 e6 3. Nc3 Nf6 4. Bg5 Be7 5. Bxf6 Bxf6 6. cxd5 exd5 7. Nf3 Bf5 8. e3 0-0 9. Bd3 Bg4 10. Be2 g6 11. h3 Be6 12. 0-0 Bg7 13. e4 dxe4 14. Nxe4 Nc6 15. Nc3 Nxd4 16. Nxd4 Qxd4 17. Qxd4 Bxd4 18. Rfd1 Bg7 19. a3 Rfd8 20. Re1 Rd2 21. Nb5 c6 22. Nc3 Rxb2 23. Na4 0-1

[Event "VIE-ch U11"]
[Site "Ho Chi Minh City"]
[Date "2014.07.15"]
[Round "5"]
[White "Quan, Phu Long"]
[Black "Tran, Quoc Phong"]
[Result "0-1"]
[WhiteElo "1953"]
[BlackElo "1937"]
[PlyCount "40"]
[EventDate "2014.07.13"]
[EventType "swiss"]
[EventRounds "9"]
[EventCountry "VIE"]
[SourceTitle "EXT 2016"]
[Source "ChessBase"]
[SourceDate "2015.10.08"]
[SourceVersion "1"]
[SourceVersionDate "2015.10.08"]
[SourceQuality "1"]

1. d4 d5 2. f4 Nf6 3. e3 Bf5 4. c4 e6 5. cxd5 Nxd5 6. Nf3 Bb4+ 7. Bd2 Nxe3 8. Qa4+ Qd7 9. Qxb4 Nc2+ 10. Kd1 Nxb4 11. Bxb4 Qa4+ 12. Ke2 Qxb4 13. b3 Nc6 14. Ke3 0-0-0 15. Nbd2 Nxd4 16. Rc1 Nxf3 17. Nxf3 Qd4+ 18. Ke2 Qxf4 19. Rc4 Rd2+ 20. Ke1 Qe3+ 0-1

[Event "VIE-ch U11"]
[Site "Ho Chi Minh City"]
[Date "2014.07.14"]
[Round "3"]
[White "Bui, Trung Hieu"]
[Black "Tran, Quoc Phong"]
[Result "1/2-1/2"]
[WhiteElo "1981"]
[BlackElo "1937"]
[PlyCount "145"]
[EventDate "2014.07.13"]
[EventType "swiss"]
[EventRounds "9"]
[EventCountry "VIE"]
[SourceTitle "EXT 2016"]
[Source "ChessBase"]
[SourceDate "2015.10.08"]
[SourceVersion "1"]
[SourceVersionDate "2015.10.08"]
[SourceQuality "1"]

1. e4 c5 2. Nf3 Nc6 3. d4 d6 4. dxc5 dxc5 5. Qxd8+ Nxd8 6. Bb5+ Nc6 7. Ne5 Bd7 8. Nxd7 Kxd7 9. Bf4 a6 10. Bxc6+ Kxc6 11. Nc3 e6 12. 0-0 Rd8 13. Rad1 Rxd1 14. Rxd1 Nf6 15. Bg5 Nd7 16. h3 f6 17. Be3 e5 18. f4 b6 19. f5 b5 20. b3 b4 21. Ne2 Nb6 22. c4 bxc3 23. Nxc3 c4 24. Bxb6 Kxb6 25. bxc4 Kc5 26. Ne2 Kxc4 27. Kf1 Kb4 28. Rd8 a5 29. Ra8 g6 30. Ng3 Bg7 31. Ra7 Bh6 32. Ne2 Bd2 33. Ra6 Rf8 34. Ra7 h5 35. fxg6 Rg8 36. g7 Bh6 37. Ng3 Rxg7 38. Rxg7 Bxg7 39. Nxh5 Bh8 40. Ke2 Ka3 41. Kd2 a4 42. Kc2 Kxa2 43. g4 Ka3 44. Kc3 Ka2 45. h4 a3 46. Kc2 Ka1 47. Kc1 Ka2 48. Kc2 Ka1 49. g5 fxg5 50. hxg5 a2 51. Ng3 Bf6 52. g6 Bg7 53. Ne2 Bh6 54. Nc3 Bg7 55. Kb3 Bf6 56. Nxa2 Kb1 57. Nb4 Kc1 58. Kc4 Kd2 59. Kd5 Ke3 60. Nc6 Kf4 61. Ne7 Kg5 62. Ke6 Bh8 63. Kd5 Kf6 64. Nc6 Kxg6 65. Nxe5+ Kf6 66. Nc6 Kf7 67. Kd6 Ke8 68. Ke6 Kf8 69. Ne7 Ba1 70. Nc6 Bh8 71. Nd8 Ke8 72. Nf7 Ba1 73. Nd6+ 1/2-1/2